| 000 | 01129nam a2200301Ia 4500 | ||
|---|---|---|---|
| 001 | ebr10007045 | ||
| 003 | CaPaEBR | ||
| 006 | m u | ||
| 007 | cr cn||||||||| | ||
| 008 | 991130s2001 mau s 001 0 eng d | ||
| 020 | _z1928994253 | ||
| 040 |
_aCaPaEBR _cCaPaEBR |
||
| 035 | _a(OCoLC)559337947 | ||
| 050 | 1 | 4 |
_aQA76.9.C55 _b.M376 2001eb |
| 245 | 0 | 0 |
_aConfiguring Exchange Server 2000 _h[electronic resource] / _cLiz Mason, William Lefkovics, William C. Wade. |
| 260 |
_aRockland : _bSyngress Media, _cc2001. |
||
| 300 | _axxxii, 627 p. | ||
| 500 | _aIncludes index. | ||
| 533 |
_aElectronic reproduction. _bPalo Alto, Calif. : _cebrary, _d2009. _nAvailable via World Wide Web. _nAccess may be limited to ebrary affiliated libraries. |
||
| 630 | 0 | 0 | _aMicrosoft Exchange server. |
| 650 | 0 | _aClient/server computing. | |
| 655 | 7 |
_aElectronic books. _2local |
|
| 700 | 1 | _aMason, Liz. | |
| 700 | 1 | _aLefkovics, William. | |
| 700 | 1 | _aWade, William C. | |
| 710 | 2 | _aebrary, Inc. | |
| 856 | 4 | 0 |
_uhttp://site.ebrary.com/lib/rucke/Doc?id=10007045 _zAn electronic book accessible through the World Wide Web; click to view |
| 999 |
_c399 _d399 |
||